| 000 | 00397nam a2200157Ia 4500 | ||
|---|---|---|---|
| 005 | 20250508151436.0 | ||
| 008 | 008 250505s9999 xx 000 0 eng d | ||
| 037 | _aReference | ||
| 040 |
_aFEDL _beng _cFEDL |
||
| 041 |
_aeng _2eng |
||
| 084 |
_a510.7, YOU _qFEDL |
||
| 245 | 0 | _aTeaching of mathematics | |
| 300 | _a359p. | ||
| 942 |
_cREF _h510.7, YOU |
||
| 999 |
_c1329818 _d1329818 |
||